| 000 | 01764nam0a2200337 4500 | ||
|---|---|---|---|
| 001 | RU\NLR\bibl\808327 | ||
| 005 | 20250614132002.0 | ||
| 010 |
_a5-222-05708-9 _93000 |
||
| 021 |
_aRU _b2005-13262 _9674 |
||
| 035 | _a(NLR Aleph) 000797416 | ||
| 090 |
_a1159799 _c1159799 |
||
| 100 | _a20050608d2005 |||y0rusy50 ca | ||
| 101 | 0 | _arus | |
| 102 | _aRU | ||
| 105 | _ay ||||||||| | ||
| 200 | 1 |
_aВнешнеэкономическая деятельность российских регионов _eучебное пособие для студентов, обучающихся по специальности "Мировая экономика" _fА.Ю. Архипов, О.В. Черковец |
|
| 210 |
_aРостов-на-Дону _cФеникс _d2005 |
||
| 215 |
_a187, [2] с. _d20 |
||
| 225 | 1 | _aСерия "Высшее образование" | |
| 300 | _aНа 4-й с. обл. авт.: Архипов А.Ю., Черковец О.В. - доктора экон. наук, профессора | ||
| 320 | _aБиблиогр.: с. 183-188 (98 назв.) | ||
| 606 | 1 |
_aВнешнеэкономическая деятельность _jУчебные издания для высших учебных заведений _xСубъекты _yРоссийская Федерация _92194220 _3RU\NLR\auth\661318846 |
|
| 686 | 1 | _aУ9(2)8(2Р)я73 | |
| 700 | 1 |
_4070 _7ca _8rus _aАрхипов _bА. Ю. _cд-р экон. наук, мировая экономика _f1954-2020 _gАлексей Юрьевич _9233686 _3RU\NLR\AUTH\770233742 |
|
| 701 | 1 |
_aЧерковец _bО. В. _gОлег Викторович _4070 |
|
| 801 | 0 |
_aRU _bNLR _c20050608 _gPSBO |
|
| 801 | 1 |
_aRU _bNLR _c20050608 |
|
| 942 | _cBOOK | ||
| 980 | _aNB | ||